Социально-экономическое положение Санкт-Петербурга и Ленинградской области ... ...в январе - августе 2017 года (Запись № 12189332)

Подробности
000 -МАРКЕР
контрольное поле 01746nam2a2200217 4500
001 - ИДЕНТИФИКАТОР ЗАПИСИ
контрольное поле RU\NLR\BIBL_A\011539845
005 - ИДЕНТИФИКАТОР ВЕРСИИ
контрольное поле 20250626085944.0
035 ## - ДРУГИЕ СИСТЕМНЫЕ НОМЕРА
Идентификатор записи (NLR Aleph) 011539845
100 ## - ДАННЫЕ ОБЩЕЙ ОБРАБОТКИ
Данные общей обработки 20171127d2017 |||y0rusy50 ca
101 0# - ЯЗЫК РЕСУРСА
Язык текста, звукозаписи и т.д. русский
102 ## - СТРАНА ПУБЛИКАЦИИ ИЛИ ПРОИЗВОДСТВА
Страна публикации Российская Федерация
105 ## - ПОЛЕ КОДИРОВАННЫХ ДАННЫХ: ТЕКСТОВЫЕ МАТЕРИАЛЫ, МОНОГРАФИЧЕСКИЕ
Кодированные данные о монографическом текстовом документе a|||z|||000zy
200 0# - ЗАГЛАВИЕ И СВЕДЕНИЯ ОБ ОТВЕТСТВЕННОСТИ
Основное заглавие ...в январе - августе 2017 года
Сведения, относящиеся к заглавию (экономический доклад в таблицах)
Первые сведения об ответственности Управление Федеральной службы государственной статистики по г. Санкт-Петербургу и Ленинградской области Петростат)
210 ## - ПУБЛИКАЦИЯ, РАСПРОСТРАНЕНИЕ И ДР.
Место издания, распространения и т.д. Санкт-Петербург
Имя издателя, распространителя и т. д. Управление Федеральной службы государственной статистики по г. Санкт-Петербургу и Ленинградской области
Дата издания, распространения и т.д. 2017
215 ## - ФИЗИЧЕСКАЯ ХАРАКТЕРИСТИКА
Специфическое обозначение материала и объем 179 с.
Другие сведения о физической характеристике ил.
461 #0 - УРОВЕНЬ НАБОРА
Встроенное поле 001RU\NLR\bibl\9260
-- 2001#$aСоциально-экономическое положение Санкт-Петербурга и Ленинградской области ...$f[Госкомстат России, С.-Петерб. ком. гос. статистики]$v...в январе - августе 2017 года
Системный номер (АБИС) связанной записи 29324
Место публикации СПб.
Дата публикации 1998
Первые сведения об ответственности [Госкомстат России, С.-Петерб. ком. гос. статистики]
Имя издателя, распространителя и т.д. Петербургкомстат
Заглавие Социально-экономическое положение Санкт-Петербурга и Ленинградской области ...
Номер тома ...в январе - августе 2017 года
942 ## - ДОПОЛНИТЕЛЬНЫЕ ЭЛЕМЕНТЫ ЗАПИСИ (АБИС)
Тип экземпляра АБИС Книга
980 ## - КОЛЛЕКЦИЯ
Название коллекции Национальная библиография
Экземпляры
Тип экземпляра Дата поступления Источник поступления Стоимость Библиотека постоянного хранения Библиотека текущего хранения Место хранения Шифр хранения Штрих-код Статус экземпляра
Книга 27.11.2017 Дар 100.00 РНБ (Московский) РНБ (Московский) Русский книжный фонд: издания с 1957 года 97-3/7453 1-2082766